<?xml version="1.0" encoding="UTF-8"?>
<record
    xmlns:xsi="http://www.w3.org/2001/XMLSchema-instance"
    xsi:schemaLocation="http://www.loc.gov/MARC21/slim http://www.loc.gov/standards/marcxml/schema/MARC21slim.xsd"
    xmlns="http://www.loc.gov/MARC21/slim">

  <leader>00579nam a22002057a 4500</leader>
  <controlfield tag="005">20240611143426.0</controlfield>
  <controlfield tag="008">240611b        |||||||| |||| 00| 0 eng d</controlfield>
  <datafield tag="020" ind1=" " ind2=" ">
    <subfield code="a">9780113102981</subfield>
  </datafield>
  <datafield tag="082" ind1=" " ind2=" ">
    <subfield code="a">615</subfield>
    <subfield code="b">HAM-A</subfield>
  </datafield>
  <datafield tag="100" ind1=" " ind2=" ">
    <subfield code="a">Hamblen;David L.</subfield>
  </datafield>
  <datafield tag="245" ind1=" " ind2=" ">
    <subfield code="a">Adams's Outline of Fractures :</subfield>
    <subfield code="b">Including joint injuries /</subfield>
    <subfield code="c">David L.Hamblen, Hamish,Simpson</subfield>
  </datafield>
  <datafield tag="250" ind1=" " ind2=" ">
    <subfield code="a">12th ed.</subfield>
  </datafield>
  <datafield tag="260" ind1=" " ind2=" ">
    <subfield code="a">India ;</subfield>
    <subfield code="b">Elsvier;</subfield>
    <subfield code="c">2007.</subfield>
  </datafield>
  <datafield tag="300" ind1=" " ind2=" ">
    <subfield code="a">328p.</subfield>
    <subfield code="b">ill;</subfield>
    <subfield code="c">23.5cm.</subfield>
  </datafield>
  <datafield tag="500" ind1=" " ind2=" ">
    <subfield code="a">include index .</subfield>
  </datafield>
  <datafield tag="650" ind1=" " ind2=" ">
    <subfield code="a">Medical / Orthopeadic</subfield>
  </datafield>
  <datafield tag="700" ind1=" " ind2=" ">
    <subfield code="a">Hamish,</subfield>
  </datafield>
  <datafield tag="700" ind1=" " ind2=" ">
    <subfield code="a">Simpson,</subfield>
  </datafield>
  <datafield tag="999" ind1=" " ind2=" ">
    <subfield code="c">35899</subfield>
    <subfield code="d">35899</subfield>
  </datafield>
  <datafield tag="952" ind1=" " ind2=" ">
    <subfield code="0">0</subfield>
    <subfield code="1">0</subfield>
    <subfield code="4">0</subfield>
    <subfield code="7">0</subfield>
    <subfield code="8">Faculty of Medical Sciences</subfield>
    <subfield code="a">SIRC</subfield>
    <subfield code="b">SIRC</subfield>
    <subfield code="c">Orthopeadics</subfield>
    <subfield code="d">2024-06-11</subfield>
    <subfield code="l">0</subfield>
    <subfield code="o">615 HAM-A 2007</subfield>
    <subfield code="p">10118</subfield>
    <subfield code="r">2024-06-11</subfield>
    <subfield code="t">1</subfield>
    <subfield code="w">2024-06-11</subfield>
    <subfield code="y">BK</subfield>
    <subfield code="Y">BK</subfield>
  </datafield>
  <datafield tag="952" ind1=" " ind2=" ">
    <subfield code="0">0</subfield>
    <subfield code="1">0</subfield>
    <subfield code="4">0</subfield>
    <subfield code="7">0</subfield>
    <subfield code="8">Faculty of Medical Sciences</subfield>
    <subfield code="a">SIRC</subfield>
    <subfield code="b">SIRC</subfield>
    <subfield code="c">Orthopeadics</subfield>
    <subfield code="d">2024-06-11</subfield>
    <subfield code="l">0</subfield>
    <subfield code="o">615 HAM-A 2007</subfield>
    <subfield code="p">10119</subfield>
    <subfield code="r">2024-06-11</subfield>
    <subfield code="t">2</subfield>
    <subfield code="w">2024-06-11</subfield>
    <subfield code="y">BK</subfield>
    <subfield code="Y">BK</subfield>
  </datafield>
  <datafield tag="952" ind1=" " ind2=" ">
    <subfield code="0">0</subfield>
    <subfield code="1">0</subfield>
    <subfield code="4">0</subfield>
    <subfield code="7">0</subfield>
    <subfield code="8">Faculty of Medical Sciences</subfield>
    <subfield code="a">SIRC</subfield>
    <subfield code="b">SIRC</subfield>
    <subfield code="c">Orthopeadics</subfield>
    <subfield code="d">2024-06-11</subfield>
    <subfield code="l">0</subfield>
    <subfield code="o">615 HAM-A 2007</subfield>
    <subfield code="p">10120</subfield>
    <subfield code="r">2024-06-11</subfield>
    <subfield code="t">3</subfield>
    <subfield code="w">2024-06-11</subfield>
    <subfield code="y">BK</subfield>
    <subfield code="Y">BK</subfield>
  </datafield>
  <datafield tag="952" ind1=" " ind2=" ">
    <subfield code="0">0</subfield>
    <subfield code="1">0</subfield>
    <subfield code="4">0</subfield>
    <subfield code="7">0</subfield>
    <subfield code="8">Faculty of Medical Sciences</subfield>
    <subfield code="a">SIRC</subfield>
    <subfield code="b">SIRC</subfield>
    <subfield code="c">Orthopeadics</subfield>
    <subfield code="d">2024-06-11</subfield>
    <subfield code="l">0</subfield>
    <subfield code="o">615 HAM-A 2007</subfield>
    <subfield code="p">10121</subfield>
    <subfield code="r">2024-06-11</subfield>
    <subfield code="t">4</subfield>
    <subfield code="w">2024-06-11</subfield>
    <subfield code="y">BK</subfield>
    <subfield code="Y">BK</subfield>
  </datafield>
</record>
